000 00754cab a2200277 4500
001 ABS55025
008 090401t1996 xxu||||| |||| 00| 0 eng d
035 _a(Sirsi) u13664
041 _aeng
100 _aMajgaard, C.
245 _aLegoland
260 _c1996
350 _a0
490 _aLeisure Management
_v16(4) April 1996, 60-72(8)
520 _aA look at the Lego theme park business, focusing on its new development at Windsor and its impact on other European theme parks.
650 _aLEGO
650 _aLEGOLAND
650 _aLEISURE MARKET
650 _aTHEME PARKS
690 _aLEISURE AND RECREATION
700 _aJohnson, S.
700 _aMatthews, H.
700 _aRobinett, J.
942 _n0
948 _c04/03/1997
999 _c8795
_d8795